Sacramento Kings Nicknames - Statistics

General Stats
  • This quiz has been taken 536 times
    439 since last reset
  • The average score is 6 of 8
Answer Stats
Nickname Tenure Player % Correct
C-Webb 1998–2005 Chris Webber
96%
Boogie 2010–2017 DeMarcus Cousins
95%
Swipa 2017–2025 De'Aaron Fox
88%
White Chocolate 1998–2001 Jason Williams
85%
Peja 1998–2006 Predrag "Peja" Stojaković
84%
Tiny 1972–1976 Nate Archibald
70%
Jimmer 2011–2014 James "Jimmer" Fredette
55%
Big Nasty 1995–2001, 2004–2007 Corliss Williamson
12%
No matching quizzes found
Score Distribution
Percent of People with Each Score
Percentile by Number Answered
Your Score History
You have not taken this quiz since the last reset